| 000 | 00741nam a2200205Ia 4500 | ||
|---|---|---|---|
| 003 | GCL | ||
| 008 | 140319s9999 xx 000 0 ara d | ||
| 040 |
_aGCL / _cGCL |
||
| 082 | 0 | 4 |
_a510 _bع ا |
| 100 | 1 | _aالعاملى , محمد بهاءالدين | |
| 245 | 1 | 0 |
_aالاعمال الرياضية لبهاء الدين العاملى / _cالعاملى , محمد بهاءالدين |
| 700 | 1 | _aجلال شوقى | |
| 260 |
_aالقاهرة : _bدار الشروق ، _c1981 |
||
| 300 |
_a226 ص ؛ _c24 سم |
||
| 490 |
_aالمنظمة العربية للتربية والثقافة والعلوم _v0 |
||
| 650 | 0 | 4 | _aالجبر |
| 650 | 0 | 4 | _aالرياضيات |
| 650 | 0 | 4 | _aالمخطوطات العربية |
| 942 |
_2ddc _cBK |
||
| 999 |
_c46200 _d46200 |
||